Quién es quién en las letras españolas. (Record no. 123443)
[ view plain ]
| 000 -LEADER | |
|---|---|
| campo de control de longitud fija | 01081nam a2200301 i 4500 |
| 001 - NÚMERO DE CONTROL | |
| campo de control | 123443 |
| 003 - IDENTIFICADOR DE NÚMERO DE CONTROL | |
| campo de control | ES-MaACL |
| 005 - FECHA Y HORA DE LA ÚLTIMA TRANSACCIÓN | |
| campo de control | 20250824234606.0 |
| 007 - CAMPO FIJO DE DESCRIPCIÓN FÍSICA--INFORMACIÓN GENERAL | |
| campo de control de longitud fija | t| |
| 008 - DATOS DE LONGITUD FIJA--INFORMACIÓN GENERAL | |
| campo de control de longitud fija | 070214s1973 sp r ||||1| spa d |
| 017 ## - NÚMERO DE COPYRIGHT O DE DEPÓSITO LEGAL | |
| Número de copyright o de depósito legal | M 10029-1973 |
| Agencia que asigna | Oficina Depósito Legal Madrid |
| 020 ## - NÚMERO INTERNACIONAL ESTÁNDAR DEL LIBRO | |
| Número Internacional Estándar del Libro | 8450056748 |
| 040 ## - FUENTE DE CATALOGACIÓN | |
| Centro/agencia transcriptor | ES-MaACL |
| 080 ## - NÚMERO DE LA CLASIFICACIÓN DECIMAL UNIVERSAL | |
| Número de la Clasificación Decimal Universal | 013(460) |
| 080 ## - NÚMERO DE LA CLASIFICACIÓN DECIMAL UNIVERSAL | |
| Número de la Clasificación Decimal Universal | 929(460) |
| 245 00 - MENCIÓN DEL TÍTULO | |
| Título | Quién es quién en las letras españolas. |
| 250 ## - MENCION DE EDICION | |
| Mención de edición | 2ª ed. |
| 260 ## - PUBLICACIÓN, DISTRIBUCIÓN, ETC. | |
| Lugar de publicación, distribución, etc. | [Madrid] : |
| Nombre del editor, distribuidor, etc. | Instituto Nacional del Libro Español, |
| Fecha de publicación, distribución, etc. | 1973. |
| 300 ## - DESCRIPCIÓN FÍSICA | |
| Extensión | 546 páginas ; |
| Dimensiones | 24 cm. |
| 650 #0 - PUNTO DE ACCESO ADICIONAL DE MATERIA--TÉRMINO DE MATERIA | |
| Término de materia o nombre geográfico como elemento de entrada | Escritores españoles- |
| Subdivisión cronológica | S.XX- |
| Subdivisión de forma | Biobibliografías |
| 9 (RLIN) | 235104 |
| 655 #0 - TERMINO DE INDIZACIÓN--GENERO/FORMA | |
| 9 (RLIN) | 233879 |
| Datos o término principal de género/forma | Biobibliografías |
| 710 2# - ENTRADA AGREGADA--NOMBRE DE ENTIDAD CORPORATIVA | |
| Nombre de entidad corporativa o nombre de jurisdicción como elemento de entrada | Instituto Nacional del Libro Español |
| Término indicativo de función/relación | Editor |
| 9 (RLIN) | 5195 |
| 852 ## - LOCALIZACIÓN | |
| Ubicación | ES-MaACL |
| Número de control de estantería | E-8556 |
| Sublocalización o colección | R. 93095 |
| Ubicación en estantería | Depósito 2 |
| Donativo/Legado | Donación: Editorial |
| Encuadernación | Encuadernación: cartoné |
| itemnumber | 128022 |
| 852 4# - LOCALIZACIÓN | |
| Ubicación | ES-MaACL |
| Número de control de estantería | N-8215 |
| Encuadernación | Encuadernación: cartoné |
| Ubicación en estantería | Depósito J |
| Donativo/Legado | Donación: Editorial |
| Nota libre | X-15 |
| -- | Duplicado |
| itemnumber | 128021 |
| 942 ## - ELEMENTOS DE ENTRADA SECUNDARIOS (KOHA) | |
| Tipo de ítem Koha | Libro impreso |
| Suprimir en OPAC | No |
| Estatus retirado | Estado de pérdida | Fuente del sistema de clasificación o colocación | Estado de daño | Restricciones de uso | No para préstamo | Colección | Biblioteca de origen | Biblioteca actual | Ubicación en estantería | Fecha de adquisición | Fuente de adquisición | Total de préstamos | Signatura topográfica completa | Código de barras | Visto por última vez | Copia número | Tipo de ítem Koha |
|---|---|---|---|---|---|---|---|---|---|---|---|---|---|---|---|---|---|
| Clasificación decimal universal | Duplicado | Colección de referencia | Biblioteca del Ateneo de Madrid | Biblioteca del Ateneo de Madrid | Depósito J | 02/11/2022 | Donación | N-8215 | 101206684 | 23/02/2023 | X-15 | Libro impreso | |||||
| Clasificación decimal universal | Colección de referencia | Biblioteca del Ateneo de Madrid | Biblioteca del Ateneo de Madrid | Depósito 2 | 17/01/2008 | E-8556 | 1128616 | 23/02/2023 | Libro impreso |
